| 000 -ლიდერი |
| ფიქსირებული სიგრძის საკონტროლო ველი |
01067nam a2200217Ia 4500 |
| 001 - საკონტროლო ნომერი |
| საკონტროლო ველი |
5639 |
| 003 - საკონტროლო ნომრის იდენტიფიკატორი |
| საკონტროლო ველი |
GE_BSU |
| 005 - ბოლო ოპერაციის თარიღი და დრო |
| საკონტროლო ველი |
20191024115124.0 |
| 008 - ფიქსირებული სიგრძის მონაცემთა ელემენტები - ზოგადი ინფორმაცია |
| ფიქსირებული სიგრძის საკონტროლო ველი |
181216s2012||||ge |||||||||||||| ||geo|| |
| 040 ## - კატალოგიზაციის წყარო |
| Transcribing agency |
GE_BSU |
| 041 ## - ენის კოდი |
| Language code of text/sound track or separate title |
geo |
| 080 ## - უნივერსალური ათობითი კლასიფიკაციის ინდექსი |
| Universal Decimal Classification number |
821.353.1-1 ფ-97 |
| 100 ## - მთავარი ჩანაწერი - პიროვნების სახელი |
| Personal name |
ფუტკარაძე, ბინალ |
| 9 (RLIN) |
4986 |
| 245 ## - ცნობა სათაურის შესახებ |
| Title |
რა ტკბილად ჟღერს ჩემი ჩანგი : |
| Remainder of title |
ლექსები / |
| Statement of responsibility, etc |
ბინალ ფუტკარაძე ; კრებული შეადგინა და გამოსაცემად მოამზადა შოთა ცეცხლაძემ ; რედ. ოთარ ფუტკარაძე. |
| 264 ## - წარმოების, გამოცემის, დისტრიბუციის და სხვა ცნობები |
| გამოცემის, წარმოების, დისტრიბუციის... ადგილი |
ბათუმი : |
| გამოცემის, წარმოების, დისტრიბუციის... სახელწოდება |
შპს "GAMAprint"-bc cn., |
| გამოცემის, წარმოების, დისტრიბუციის... თარიღი |
2012. |
| 300 ## - ფიზიკური აღწერა |
| Extent |
144 გვ.: |
| Other physical details |
ილ.; |
| Dimensions |
20 სმ. |
| 653 ## - INDEX TERM--UNCONTROLLED |
| Uncontrolled term |
ლექსები |
| 700 ## - ADDED ENTRY--PERSONAL NAME |
| Personal name |
ცეცხლაძე, შოთა |
| Relator term |
შემდგენელი |
| 9 (RLIN) |
1699 |
| 700 ## - ADDED ENTRY--PERSONAL NAME |
| Personal name |
ფუტკარაძე, ოთარ |
| Relator term |
რედაქტორი |
| 9 (RLIN) |
1700 |
| 942 ## - ADDED ENTRY ELEMENTS (KOHA) |
| Koha item type |
წიგნი |
| Source of classification or shelving scheme |
|